UM Logo

Textbook on the Philippine constitution / (Record no. 20317)

MARC details
000 -LEADER
fixed length control field 00568nam a22001697a 4500
008 - FIXED-LENGTH DATA ELEMENTS--GENERAL INFORMATION
fixed length control field 240522b ||||| |||| 00| 0 eng d
020 ## - INTERNATIONAL STANDARD BOOK NUMBER
International Standard Book Number 9712326683
082 ## - DEWEY DECIMAL CLASSIFICATION NUMBER
Classification number DFil 342.02
Item number D37 2001
100 ## - MAIN ENTRY--PERSONAL NAME
Personal name De Leon, Hector S.
9 (RLIN) 57211
245 ## - TITLE STATEMENT
Title Textbook on the Philippine constitution /
Statement of responsibility, etc. Hector S. De Leon.
250 ## - EDITION STATEMENT
Edition statement 1999 edition.
Remainder of edition statement 2001 reprinted.
260 ## - PUBLICATION, DISTRIBUTION, ETC. (IMPRINT)
Place of publication, distribution, etc. Manila :
Name of publisher, distributor, etc. Rex Book Store,
Date of publication, distribution, etc. ©2001.
300 ## - PHYSICAL DESCRIPTION
Extent xliv, 509 pages :
Other physical details illustrations ;
Dimensions 25 cm.
650 ## - SUBJECT ADDED ENTRY--TOPICAL TERM
Topical term or geographic name as entry element Constitutions.
9 (RLIN) 57200
650 ## - SUBJECT ADDED ENTRY--TOPICAL TERM
Topical term or geographic name as entry element Constitutions
Geographic subdivision Philippines.
9 (RLIN) 57279
942 ## - ADDED ENTRY ELEMENTS (KOHA)
Source of classification or shelving scheme Dewey Decimal Classification
Koha item type Filipiniana
Holdings
Withdrawn status Lost status Source of classification or shelving scheme Damaged status Not for loan Collection code Home library Current library Shelving location Date acquired Source of acquisition Total Checkouts Full call number Barcode Date last seen Date last checked out Copy number Price effective from Koha item type
    Dewey Decimal Classification     Filipiniana UM Digos College - LIC UM Digos College - LIC Book Cart 05/22/2024 Purchased 1 DFil 342.02 D37 2001 14911 01/21/2026 01/19/2026 1 05/22/2024 Filipiniana
    Dewey Decimal Classification     Filipiniana UM Digos College - LIC UM Digos College - LIC   05/22/2024 Purchased   DFil 342.02 D37 2001 14920 05/15/2025   10 05/22/2024 Filipiniana